Country By First And Last Letter # 2 - Statistics

General Stats
  • This quiz has been taken 327 times
  • The average score is 9 of 10
Answer Stats
First Letter Last Letter Country % Correct
d k Denmark
99%
h i Haiti
93%
j a Jamaica
92%
v u Vanuatu
92%
k i Kiribati
89%
i n Iran
88%
c d Chad
86%
e t Egypt
82%
e r Ecuador
73%
b h Bangladesh
72%
No matching quizzes found
Score Distribution
Percent of People with Each Score
Percentile by Number Answered
Your Score History
You have not taken this quiz